[Event "Moscow Botvinnik Memorial Cup"]
[Site "Moscow"]
[Date "2024.09.09"]
[Round "9.10"]
[White "Magai, Vladimir"]
[Black "Ivannikov, Maksim"]
[Result "1-0"]
[WhiteElo "2492"]
[BlackElo "2186"]
[PlyCount "123"]
[EventDate "2024.09.04"]
[EventType "team-tourn"]
[EventRounds "9"]
[EventCountry "RUS"]
[SourceTitle "EXT 2025"]
[Source "ChessBase"]
[SourceDate "2024.10.14"]
[SourceVersion "1"]
[SourceVersionDate "2024.10.14"]
[SourceQuality "1"]
[WhiteTeam "Kyrgyzstan"]
[BlackTeam "Russia"]
[WhiteTeamCountry "KGZ"]
[BlackTeamCountry "RUS"]

1. d4 Nf6 2. c4 g6 3. Nc3 Bg7 4. e4 0-0 5. Nf3 d6 6. Be2 e5 7. 0-0 Nc6 8. d5 Ne7 9. b4 Nh5 10. Re1 Nf4 11. Bf1 c6 12. Qb3 b5 13. Bxf4 exf4 14. Rac1 Bg4 15. cxb5 Bxf3 16. gxf3 cxd5 17. Nxd5 Nxd5 18. Qxd5 Qh4 19. Red1 Rae8 20. Qxd6 Qh5 21. Be2 Qg5+ 22. Kh1 Qh4 23. Qc5 Re5 24. Rd5 Rxd5 25. exd5 Re8 26. Bf1 Bf8 27. d6 Qd8 28. Rd1 Re6 29. Bc4 Rf6 30. Qxa7 Bxd6 31. Qd4 Kg7 32. Bd5 Qe7 33. a3 Qe2 34. b6 Be5 35. Qd2 Qxd2 36. Rxd2 Rxb6 37. Kg2 Kf6 38. Kf1 Ra6 39. Ra2 Rd6 40. Be4 Bc3 41. Rc2 Bd4 42. a4 Rd8 43. a5 Ke5 44. b5 f5 45. Bb7 g5 46. a6 Ba7 47. Bc8 h5 48. h3 g4 49. hxg4 fxg4 50. Kg2 Rd3 51. fxg4 h4 52. g5 Rb3 53. Bd7 h3+ 54. Kh2 Rf3 55. Bg4 Rxf2+ 56. Rxf2 Bxf2 57. Kxh3 f3 58. g6 Kf6 59. Bf5 Bb6 60. Bd3 Kg7 61. Kg4 f2 62. Kf5 1-0

[Event "Moscow Botvinnik Memorial Cup"]
[Site "Moscow"]
[Date "2024.09.08"]
[Round "8.22"]
[White "Meirkhanuly, Akylzhan"]
[Black "Magai, Vladimir"]
[Result "0-1"]
[WhiteElo "2014"]
[BlackElo "2492"]
[PlyCount "90"]
[EventDate "2024.09.04"]
[EventType "team-tourn"]
[EventRounds "9"]
[EventCountry "RUS"]
[SourceTitle "EXT 2025"]
[Source "ChessBase"]
[SourceDate "2024.10.14"]
[SourceVersion "1"]
[SourceVersionDate "2024.10.14"]
[SourceQuality "1"]
[WhiteTeam "Kazakhstan"]
[BlackTeam "Kyrgyzstan"]
[WhiteTeamCountry "KAZ"]
[BlackTeamCountry "KGZ"]

1. d4 Nf6 2. c4 g6 3. Nf3 Bg7 4. g3 0-0 5. Bg2 c6 6. 0-0 d5 7. b3 dxc4 8. bxc4 c5 9. Bb2 cxd4 10. Nxd4 Qb6 11. Qc1 Bd7 12. Na3 Nc6 13. Nb3 Rad8 14. Bc3 Bf5 15. Qb2 e5 16. c5 Qc7 17. Nb5 Qe7 18. Nd6 Ne8 19. Nxf5 gxf5 20. e4 fxe4 21. Bxe4 f5 22. Bxc6 bxc6 23. Na5 Qc7 24. Qb3+ Rd5 25. Rad1 Nf6 26. Nc4 Rb8 27. Qa3 Ne4 28. Ne3 Rxd1 29. Rxd1 Qf7 30. Qa5 f4 31. Ng4 fxg3 32. fxg3 Qf3 33. Rd8+ Rxd8 34. Qxd8+ Bf8 35. Nh6+ Kg7 36. Bxe5+ Kxh6 37. Bf4+ Kg7 38. Qd7+ Kf6 39. Qd8+ Be7 40. Qh8+ Ke6 41. Qe5+ Kf7 42. Qf5+ Nf6 43. h4 Qd5 44. Qc8 Bxc5+ 45. Kh2 Qxa2+ 0-1

[Event "Moscow Botvinnik Memorial Cup"]
[Site "Moscow"]
[Date "2024.09.07"]
[Round "6.32"]
[White "Huseynova, Dinara"]
[Black "Magai, Vladimir"]
[Result "1-0"]
[WhiteElo "1923"]
[BlackElo "2492"]
[PlyCount "97"]
[EventDate "2024.09.04"]
[EventType "team-tourn"]
[EventRounds "9"]
[EventCountry "RUS"]
[SourceTitle "EXT 2025"]
[Source "ChessBase"]
[SourceDate "2024.10.14"]
[SourceVersion "1"]
[SourceVersionDate "2024.10.14"]
[SourceQuality "1"]
[WhiteTeam "Azerbaijan"]
[BlackTeam "Kyrgyzstan"]
[WhiteTeamCountry "AZE"]
[BlackTeamCountry "KGZ"]

1. Nf3 Nf6 2. g3 g6 3. Bg2 Bg7 4. 0-0 0-0 5. d3 d5 6. Nbd2 Nc6 7. e4 e5 8. b3 Re8 9. Bb2 a5 10. a4 d4 11. Nc4 h5 12. Bc1 Nh7 13. h4 Bg4 14. Qd2 f5 15. Ng5 Nxg5 16. Qxg5 Qxg5 17. Bxg5 fxe4 18. Bxe4 Nb4 19. Rac1 Bf5 20. Bxb7 Ra7 21. Be4 Bxe4 22. dxe4 c5 23. Bd2 Kh7 24. Bxb4 cxb4 25. Rcd1 Rc8 26. Rd3 Rxc4 27. bxc4 Rc7 28. f4 Rxc4 29. Rf2 Bf6 30. fxe5 Bxe5 31. Kf1 Kg7 32. Rdf3 Rc7 33. Ke1 Kh6 34. Kd2 Kg7 35. Rg2 Rc6 36. g4 hxg4 37. Rxg4 Kh6 38. Rg5 Bf6 39. Rxf6 Rxf6 40. Rxa5 Rf2+ 41. Kd3 Rf3+ 42. Kxd4 b3 43. cxb3 Rxb3 44. e5 Rb4+ 45. Kd5 Rxh4 46. Ra8 Kg7 47. a5 Ra4 48. a6 g5 49. e6 1-0

[Event "Moscow Botvinnik Memorial Cup"]
[Site "Moscow"]
[Date "2024.09.07"]
[Round "6.31"]
[White "Magai, Vladimir"]
[Black "Isbatov, Kanan"]
[Result "1-0"]
[WhiteElo "2492"]
[BlackElo "1722"]
[PlyCount "191"]
[EventDate "2024.09.04"]
[EventType "team-tourn"]
[EventRounds "9"]
[EventCountry "RUS"]
[SourceTitle "EXT 2025"]
[Source "ChessBase"]
[SourceDate "2024.10.14"]
[SourceVersion "1"]
[SourceVersionDate "2024.10.14"]
[SourceQuality "1"]
[WhiteTeam "Kyrgyzstan"]
[BlackTeam "Azerbaijan"]
[WhiteTeamCountry "KGZ"]
[BlackTeamCountry "AZE"]

1. d4 Nf6 2. c4 g6 3. Nc3 Bg7 4. e4 d6 5. Nf3 0-0 6. Be2 Nbd7 7. 0-0 c6 8. Be3 Qc7 9. Qd2 e5 10. Bh6 Nh5 11. Bxg7 Kxg7 12. Rfe1 Nf4 13. Bf1 Rd8 14. Rad1 Ne6 15. d5 cxd5 16. Nxd5 Qc5 17. b4 Qc6 18. Ne7 Qa4 19. Qxd6 Nf6 20. Qxd8 Nxd8 21. Rxd8 Qxb4 22. Rxc8 Rxc8 23. Nxc8 Qc5 24. Nxa7 Qxa7 25. Nxe5 Qxa2 26. Nf3 Ng4 27. Re2 Qxc4 28. h3 Nf6 29. e5 Nd7 30. Rd2 Qc7 31. Rd5 Nc5 32. Rd4 Ne6 33. Rc4 Qd7 34. Rb4 Qd5 35. h4 h6 36. Be2 g5 37. hxg5 hxg5 38. Bf1 Kh6 39. Nh2 Nd4 40. Ng4+ Kg7 41. Ne3 Ne2+ 42. Bxe2 Qd2 43. Re4 Qc1+ 44. Kh2 Qe1 45. Kg3 Kf8 46. Bf1 Qb1 47. Rc4 b5 48. Rc8+ Kg7 49. Rd8 Qe4 50. Kh2 Qxe5+ 51. Kg1 b4 52. Rd5 Qc3 53. Rxg5+ Kf8 54. Rb5 b3 55. Nc4 Qc2 56. Rb7 Qd1 57. Na5 Qd5 58. Rb8+ Kg7 59. Nxb3 Qd1 60. Rb5 f6 61. Nc5 f5 62. Nd3 Kf6 63. Rb6+ Kg7 64. g3 Qa1 65. Nf4 Qe1 66. Rc6 Qb1 67. Rc4 Kf6 68. Nd5+ Ke6 69. Ne3 Qa1 70. Rf4 Qb1 71. Rxf5 Qa1 72. Kg2 Qa8+ 73. Rd5 Kf6 74. Be2 Qa2 75. Bf3 Qb2 76. Rf5+ Kg7 77. Bd5 Kg6 78. g4 Qb4 79. Kf3 Qb1 80. Kg2 Qb4 81. Rf7 Qd4 82. Rb7 Qf4 83. Bf3 Qd4 84. Rc7 Qf4 85. Rc4 Qe5 86. Rc6+ Kg7 87. Nf5+ Kf7 88. Ng3 Kg7 89. Ne4 Qf4 90. g5 Qe5 91. g6 Qf4 92. Ng3 Qg5 93. Be4 Kf8 94. Rc7 Kg8 95. Rd7 Qg4 96. Bd5+ 1-0

[Event "Moscow Botvinnik Memorial Cup"]
[Site "Moscow"]
[Date "2024.09.06"]
[Round "4.26"]
[White "Magai, Vladimir"]
[Black "Torosyan, Volodya"]
[Result "1-0"]
[WhiteElo "2492"]
[BlackElo "2187"]
[PlyCount "89"]
[EventDate "2024.09.04"]
[EventType "team-tourn"]
[EventRounds "9"]
[EventCountry "RUS"]
[SourceTitle "EXT 2025"]
[Source "ChessBase"]
[SourceDate "2024.10.14"]
[SourceVersion "1"]
[SourceVersionDate "2024.10.14"]
[SourceQuality "1"]
[WhiteTeam "Kyrgyzstan"]
[BlackTeam "Armenia"]
[WhiteTeamCountry "KGZ"]
[BlackTeamCountry "ARM"]

1. d4 Nf6 2. c4 e6 3. Nf3 d5 4. g3 Be7 5. Bg2 0-0 6. 0-0 dxc4 7. Qc2 a6 8. a4 Bd7 9. Qxc4 Bc6 10. Bg5 Bd5 11. Qc2 Be4 12. Qc1 Nc6 13. Nbd2 Nxd4 14. Nxd4 Bxg2 15. Nxe6 fxe6 16. Kxg2 Qd5+ 17. Nf3 c5 18. Qc2 h6 19. Bxf6 Bxf6 20. a5 Qc6 21. e4 c4 22. Ra4 Rac8 23. Rc1 c3 24. bxc3 Bxc3 25. Qb3 Kh8 26. Ne5 Qe8 27. Nd3 Qb5 28. Qxb5 axb5 29. Ra3 Bd4 30. Rxc8 Rxc8 31. Kf1 Kg8 32. Rb3 Rc3 33. Rxc3 Bxc3 34. Nc5 Kf7 35. Nxb7 Ke7 36. a6 Bd4 37. f4 Kd7 38. e5 g5 39. h3 b4 40. Ke2 gxf4 41. gxf4 b3 42. Kd3 b2 43. Kc2 Kc7 44. Na5 Kb6 45. a7 1-0

[Event "Moscow Botvinnik Memorial Cup"]
[Site "Moscow"]
[Date "2024.09.05"]
[Round "3.6"]
[White "Ahmedov, Ali"]
[Black "Magai, Vladimir"]
[Result "0-1"]
[WhiteElo "1797"]
[BlackElo "2492"]
[PlyCount "75"]
[EventDate "2024.09.04"]
[EventType "team-tourn"]
[EventRounds "9"]
[EventCountry "RUS"]
[SourceTitle "EXT 2025"]
[Source "ChessBase"]
[SourceDate "2024.10.14"]
[SourceVersion "1"]
[SourceVersionDate "2024.10.14"]
[SourceQuality "1"]
[WhiteTeam "Turkmenistan"]
[BlackTeam "Kyrgyzstan"]
[WhiteTeamCountry "TKM"]
[BlackTeamCountry "KGZ"]

1. e4 e5 2. Nf3 Nc6 3. Bb5 a6 4. Ba4 Nf6 5. 0-0 Bc5 6. d3 b5 7. Bb3 d6 8. h3 0-0 9. Bg5 h6 10. Bh4 Be6 11. c3 Bxb3 12. Qxb3 g5 13. Bg3 Kg7 14. Nbd2 Rb8 15. Qc2 Nh5 16. Bh2 Qf6 17. Rfe1 Nf4 18. Bxf4 gxf4 19. Nb3 Bb6 20. Rad1 Kh8 21. d4 Rg8 22. Kh1 Rg7 23. dxe5 Nxe5 24. Nxe5 dxe5 25. Qe2 Rxg2 26. Kxg2 f3+ 27. Qxf3 Rg8+ 28. Qg4 Rxg4+ 29. hxg4 Qxf2+ 30. Kh3 Qf3+ 31. Kh2 Bf2 32. Rg1 Qf4+ 33. Kh3 Bxg1 34. Rxg1 Qxe4 35. Rg2 Kh7 36. Nd2 Qd3+ 37. Kh2 e4 38. Nb1 0-1

[Event "Moscow Botvinnik Memorial Cup"]
[Site "Moscow"]
[Date "2024.09.05"]
[Round "2.19"]
[White "Bulgak, Damir"]
[Black "Magai, Vladimir"]
[Result "1/2-1/2"]
[WhiteElo "2044"]
[BlackElo "2492"]
[PlyCount "75"]
[EventDate "2024.09.04"]
[EventType "team-tourn"]
[EventRounds "9"]
[EventCountry "RUS"]
[SourceTitle "EXT 2025"]
[Source "ChessBase"]
[SourceDate "2024.10.14"]
[SourceVersion "1"]
[SourceVersionDate "2024.10.14"]
[SourceQuality "1"]
[WhiteTeam "Belarus"]
[BlackTeam "Kyrgyzstan"]
[WhiteTeamCountry "BLR"]
[BlackTeamCountry "KGZ"]

1. d4 Nf6 2. c4 g6 3. Nc3 d5 4. cxd5 Nxd5 5. e4 Nxc3 6. bxc3 Bg7 7. Bc4 c5 8. Ne2 0-0 9. 0-0 Nc6 10. Be3 b6 11. dxc5 Qc7 12. Rb1 bxc5 13. Qd5 Be6 14. Qxc5 Bxc4 15. Qxc4 Rfc8 16. Rfd1 Ne5 17. Qxc7 Rxc7 18. Bd4 Nc4 19. Bxg7 Kxg7 20. f3 Nb6 21. Rb4 Rc5 22. Kf2 e5 23. Rdb1 Rd8 24. Rb5 Rc4 25. R1b4 Rc7 26. Ke1 Nc4 27. Rb7 Rxb7 28. Rxb7 a5 29. g3 Nd2 30. Ng1 Nc4 31. Rc7 Nb2 32. Nh3 Nd3+ 33. Kf1 h6 34. Ra7 Rc8 35. Rxa5 Rxc3 36. Ke2 Nb4 37. Rxe5 Rc2+ 38. Kf1 1/2-1/2

[Event "Moscow Botvinnik Memorial Cup"]
[Site "Moscow"]
[Date "2024.09.05"]
[Round "3.7"]
[White "Magai, Vladimir"]
[Black "Yusupov, Rauf"]
[Result "1-0"]
[WhiteElo "2492"]
[BlackElo "1792"]
[PlyCount "85"]
[EventDate "2024.09.04"]
[EventType "team-tourn"]
[EventRounds "9"]
[EventCountry "RUS"]
[SourceTitle "EXT 2025"]
[Source "ChessBase"]
[SourceDate "2024.10.14"]
[SourceVersion "1"]
[SourceVersionDate "2024.10.14"]
[SourceQuality "1"]
[WhiteTeam "Kyrgyzstan"]
[BlackTeam "Turkmenistan"]
[WhiteTeamCountry "KGZ"]
[BlackTeamCountry "TKM"]

1. d4 d5 2. c4 e6 3. Nf3 Nf6 4. g3 c5 5. Bg2 cxd4 6. cxd5 exd5 7. 0-0 Bc5 8. Nxd4 Nc6 9. Nxc6 bxc6 10. Qc2 Qe7 11. Bg5 Bd7 12. Bxf6 gxf6 13. Nd2 Bb6 14. e4 d4 15. Qd3 Rc8 16. Rae1 Be6 17. e5 f5 18. Nc4 Bc5 19. Bh3 Qd7 20. Nd6+ Bxd6 21. exd6 Qxd6 22. Bxf5 Kd7 23. Bxe6+ fxe6 24. f4 Kc7 25. Re5 Rce8 26. Rfe1 Re7 27. a3 Rhe8 28. b4 Kb8 29. R1e4 Rd8 30. Rc5 Ka8 31. Kf2 Kb8 32. Ke2 Ka8 33. Kd2 Kb8 34. Qc4 Kb7 35. Rce5 Rde8 36. Rxd4 Qc7 37. Ke2 Rd7 38. Rxd7 Qxd7 39. Qd3 Qc7 40. b5 Rd8 41. bxc6+ Ka8 42. Qe4 Rb8 43. Rxe6 1-0

[Event "Moscow Botvinnik Memorial Cup"]
[Site "Moscow"]
[Date "2024.09.04"]
[Round "1.13"]
[White "Magai, Vladimir"]
[Black "Kodiri, Pairavi"]
[Result "0-1"]
[WhiteElo "2492"]
[BlackElo "1802"]
[PlyCount "96"]
[EventDate "2024.09.04"]
[EventType "team-tourn"]
[EventRounds "9"]
[EventCountry "RUS"]
[SourceTitle "EXT 2025"]
[Source "ChessBase"]
[SourceDate "2024.10.14"]
[SourceVersion "1"]
[SourceVersionDate "2024.10.14"]
[SourceQuality "1"]
[WhiteTeam "Kyrgyzstan"]
[BlackTeam "Tajikistan"]
[WhiteTeamCountry "KGZ"]
[BlackTeamCountry "TJK"]

1. d4 Nf6 2. c4 g6 3. Nc3 Bg7 4. e4 d6 5. Nf3 0-0 6. Be2 Nbd7 7. 0-0 e5 8. Be3 a5 9. Qd2 exd4 10. Nxd4 Re8 11. f3 Ne5 12. Rac1 Be6 13. Nxe6 fxe6 14. Bg5 Nf7 15. Be3 Qe7 16. f4 Rad8 17. Bf2 e5 18. Bh4 c6 19. f5 Bh6 20. Qe1 Be3+ 21. Bf2 Bxc1 22. fxg6 Bg5 23. gxf7+ Qxf7 24. Bb6 Rd7 25. Bg4 Rde7 26. Bf5 Qxc4 27. Rf3 Rg7 28. h4 Bf4 29. g3 Kh8 30. Kh1 Bh6 31. Be3 Bxe3 32. Qxe3 d5 33. Qh6 dxe4 34. Rf2 e3 35. Qxe3 Qd4 36. Re2 Qxe3 37. Rxe3 Nd5 38. Rf3 Nxc3 39. bxc3 Rd8 40. Kg2 Rd2+ 41. Kh3 Re7 42. Be4 Rxa2 43. h5 Kg7 44. Rd3 Re2 45. Bf5 Kf6 46. Bg4 e4 47. Rd6+ Ke5 48. Rd8 Rf2 0-1

[Event "Agzamov Memorial 17th"]
[Site "Tashkent"]
[Date "2024.03.30"]
[Round "6"]
[White "Zverev, Lev"]
[Black "Magai, Vladimir"]
[Result "1/2-1/2"]
[WhiteElo "2378"]
[BlackElo "2521"]
[PlyCount "61"]
[EventDate "2024.03.27"]
[EventType "swiss"]
[EventRounds "10"]
[EventCountry "UZB"]
[SourceTitle "CBM 219 Extra"]
[Source "ChessBase"]
[SourceDate "2024.05.31"]
[SourceVersion "1"]
[SourceVersionDate "2024.05.31"]
[SourceQuality "1"]

1. e4 e5 2. Nf3 Nc6 3. Bc4 Bc5 4. d3 Nf6 5. 0-0 0-0 6. h3 h6 7. c3 d6 8. Re1 a5 9. Bb3 Re8 10. Nbd2 Be6 11. Ba4 Ba7 12. Nf1 Bd7 13. Ng3 Ne7 14. Bxd7 Qxd7 15. Nh4 Qe6 16. Qf3 Kh8 17. Nhf5 c6 18. b3 Bb6 19. Ba3 Rad8 20. Nxe7 Rxe7 21. Nf5 Ree8 22. Rad1 Bc5 23. Bxc5 dxc5 24. Qe3 b6 25. f4 exf4 26. Qxf4 Qe5 27. Qxe5 Rxe5 28. Kf2 Nd5 29. Nxh6 gxh6 30. exd5 Rexd5 31. Re3 1/2-1/2

[Event "Olympiad-35"]
[Site "Bled"]
[Date "2002.10.31"]
[Round "6.1"]
[White "Domingos, Catarino"]
[Black "Magai, Vladimir"]
[Result "1/2-1/2"]
[WhiteElo "2247"]
[BlackElo "2531"]
[PlyCount "106"]
[EventDate "2002.10.26"]
[EventType "team-swiss"]
[EventRounds "14"]
[EventCountry "SLO"]
[SourceTitle "EXT 2003"]
[Source "ChessBase"]
[SourceDate "2002.11.25"]
[SourceVersion "1"]
[SourceVersionDate "2002.11.25"]
[SourceQuality "1"]
[WhiteTeam "Angola"]
[BlackTeam "Kyrgyzstan"]
[WhiteTeamCountry "ANG"]
[BlackTeamCountry "KGZ"]

1. e4 e5 2. Nf3 Nc6 3. Bb5 a6 4. Ba4 Nf6 5. 0-0 b5 6. Bb3 Bc5 7. Nxe5 Nxe5 8. d4 Bxd4 9. Qxd4 d6 10. f4 Nc6 11. Qd3 Bb7 12. Nc3 0-0 13. Nd5 Nxd5 14. exd5 Na5 15. Bd2 Nxb3 16. axb3 Re8 17. Rfe1 Qf6 18. c3 h5 19. Re4 c6 20. Rxe8+ Rxe8 21. dxc6 Bxc6 22. Rxa6 Rc8 23. b4 Qe6 24. h3 Qd7 25. Ra1 Qb7 26. Qg3 Be4 27. Be3 Qd5 28. Bd4 Bg6 29. Rf1 Qf5 30. Qe3 f6 31. Qf3 Re8 32. Ra1 Re7 33. Ra8+ Kh7 34. Ra1 Bf7 35. Ra7 Bd5 36. Qg3 Bb7 37. Qh4 Qg6 38. Qf2 Qd3 39. Qf1 Qd2 40. Ra1 Re2 41. Bf2 Qxb2 42. Qb1+ Qxb1+ 43. Rxb1 Rc2 44. Rd1 d5 45. Rd3 Kg6 46. Rg3+ Kf7 47. Bd4 Rc1+ 48. Kh2 Bc8 49. Rf3 Bf5 50. Rf2 Ke6 51. Kg3 Be4 52. Kh4 Rg1 53. Kxh5 Rxg2 1/2-1/2

[Event "Olympiad-35"]
[Site "Bled"]
[Date "2002.10.28"]
[Round "3.1"]
[White "Magai, Vladimir"]
[Black "Kortschnoj, Viktor Lvovich"]
[Result "1/2-1/2"]
[WhiteElo "2531"]
[BlackElo "2634"]
[PlyCount "86"]
[EventDate "2002.10.26"]
[EventType "team-swiss"]
[EventRounds "14"]
[EventCountry "SLO"]
[SourceTitle "EXT 2003"]
[Source "ChessBase"]
[SourceDate "2002.11.25"]
[SourceVersion "1"]
[SourceVersionDate "2002.11.25"]
[SourceQuality "1"]
[WhiteTeam "Kyrgyzstan"]
[BlackTeam "Switzerland"]
[WhiteTeamCountry "KGZ"]
[BlackTeamCountry "SUI"]

1. d4 Nf6 2. c4 e6 3. Nf3 d5 4. Nc3 dxc4 5. e3 a6 6. a4 b6 7. Bxc4 Bb7 8. 0-0 Nbd7 9. Qe2 Bb4 10. Rd1 0-0 11. d5 exd5 12. Nxd5 Bd6 13. b3 Nc5 14. Nxf6+ Qxf6 15. Ba3 Rfd8 16. h3 Ne4 17. Bb2 Qe7 18. Rac1 c5 19. Nd2 Nf6 20. Nf3 Ne4 21. Nd2 Bc7 22. Nxe4 Qxe4 23. Qg4 Qxg4 24. hxg4 h6 25. Kf1 Kf8 26. Ba3 Ke8 27. b4 Rxd1+ 28. Rxd1 Bc6 29. bxc5 Bxa4 30. Rd4 Bb5 31. Bxb5+ axb5 32. Bb4 bxc5 33. Bxc5 Ra4 34. Rd5 f6 35. Bd4 b4 36. Rb5 Kd7 37. Ke2 Kc6 38. Rc5+ Kb7 39. Kd3 Ra2 40. e4 Bd6 41. Rb5+ Kc6 42. Rb6+ Kc7 43. Rb5 Kc6 1/2-1/2

[Event "Asia-ch"]
[Site "Kolkata"]
[Date "2001.08.14"]
[Round "7"]
[White "Magai, Vladimir"]
[Black "Ganguly, Surya Shekhar"]
[Result "0-1"]
[WhiteElo "2537"]
[BlackElo "2464"]
[PlyCount "92"]
[EventDate "2001.08.09"]
[EventType "swiss"]
[EventRounds "11"]
[EventCountry "IND"]
[SourceTitle "CBM 085"]
[Source "ChessBase"]
[SourceDate "2001.11.13"]
[SourceVersion "1"]
[SourceVersionDate "2001.11.13"]
[SourceQuality "1"]

1. d4 d5 2. c4 dxc4 3. e4 e5 4. Nf3 exd4 5. Bxc4 Nc6 6. 0-0 Be6 7. Bb5 Bc5 8. Nbd2 Nge7 9. Ng5 Qd7 10. Nxe6 Qxe6 11. Nb3 Qd6 12. Bf4 Qxf4 13. Nxc5 0-0 14. Rc1 a6 15. Ba4 b6 16. Nd3 Qxe4 17. Re1 Qd5 18. Bb3 Qf5 19. Qd2 Rad8 20. Bd1 Rd6 21. Bf3 Qf6 22. Qc2 a5 23. a3 Rc8 24. Qa4 Kf8 25. b4 axb4 26. axb4 g6 27. Qa6 Qf5 28. h3 h5 29. Qc4 Nd8 30. Re5 Qf6 31. Rce1 Ne6 32. Qa6 Rcd8 33. Qc4 Kg7 34. Kf1 R8d7 35. Kg1 Ng5 36. Ba8 Ne6 37. Bf3 c6 38. Qa6 c5 39. Qc4 cxb4 40. Qxb4 Nc6 41. Bxc6 Rxc6 42. Rb5 Nc7 43. Rbe5 Rc3 44. Qb1 Ne6 45. Rb5 Rd6 46. Qb4 Nc7 0-1

[Event "Olympiad-34"]
[Site "Istanbul"]
[Date "2000.11.09"]
[Round "12.2"]
[White "Magai, Vladimir"]
[Black "Kunte, Abhijit"]
[Result "1/2-1/2"]
[WhiteElo "2546"]
[BlackElo "2556"]
[PlyCount "77"]
[EventDate "2000.10.28"]
[EventType "team-swiss"]
[EventRounds "14"]
[EventCountry "TUR"]
[SourceTitle "EXT 2001"]
[Source "ChessBase"]
[SourceDate "2000.11.22"]
[SourceVersion "1"]
[SourceVersionDate "2000.11.22"]
[SourceQuality "1"]
[WhiteTeam "Kyrgyzstan"]
[BlackTeam "India"]
[WhiteTeamCountry "KGZ"]
[BlackTeamCountry "IND"]

1. d4 Nf6 2. c4 e6 3. Nf3 b6 4. Nc3 Bb4 5. Qb3 a5 6. Bg5 Bb7 7. e3 0-0 8. Bd3 h6 9. Bh4 d6 10. 0-0-0 Bxc3 11. Qxc3 Nbd7 12. Qc2 c5 13. d5 exd5 14. cxd5 Qe8 15. Bb5 Qc8 16. e4 Ba6 17. Bc6 Bb7 18. Bg3 Re8 19. Rhe1 Bxc6 20. dxc6 Qxc6 21. Rxd6 Qb7 22. e5 Nh7 23. Qc4 Nhf8 24. Red1 Re6 25. Qd5 Qxd5 26. R6xd5 Ra7 27. Nd2 f6 28. f4 fxe5 29. fxe5 Nb8 30. Nc4 Rd7 31. a4 Kf7 32. R1d3 Rxd5 33. Rxd5 Ke7 34. Bh4+ g5 35. Be1 Nfd7 36. Bc3 Nc6 37. Kb1 Nb4 38. Rd2 Nc6 39. Rd5 1/2-1/2

[Event "Olympiad-34"]
[Site "Istanbul"]
[Date "2000.11.04"]
[Round "7.2"]
[White "Magai, Vladimir"]
[Black "Ruzele, Darius"]
[Result "1-0"]
[WhiteElo "2546"]
[BlackElo "2541"]
[PlyCount "57"]
[EventDate "2000.10.28"]
[EventType "team-swiss"]
[EventRounds "14"]
[EventCountry "TUR"]
[SourceTitle "EXT 2001"]
[Source "ChessBase"]
[SourceDate "2000.11.22"]
[SourceVersion "1"]
[SourceVersionDate "2000.11.22"]
[SourceQuality "1"]
[WhiteTeam "Kyrgyzstan"]
[BlackTeam "Lithuania"]
[WhiteTeamCountry "KGZ"]
[BlackTeamCountry "LTU"]

1. d4 Nf6 2. c4 e6 3. Nf3 d5 4. Nc3 c6 5. e3 Nbd7 6. Qc2 Bd6 7. Bd3 0-0 8. 0-0 h6 9. Rd1 Qe7 10. c5 Bb8 11. e4 e5 12. exd5 cxd5 13. Re1 Re8 14. dxe5 Nxe5 15. Nxe5 Bxe5 16. Bf4 Bxf4 17. Rxe7 Rxe7 18. Bf5 Be5 19. Re1 Bxh2+ 20. Kf1 Rxe1+ 21. Kxe1 Be5 22. f3 g6 23. Bxg6 fxg6 24. Qxg6+ Kh8 25. Nxd5 Ng8 26. Qe8 Bg3+ 27. Kd1 Kg7 28. Kc1 Bh4 29. c6 1-0

[Event "Olympiad-33"]
[Site "Elista"]
[Date "1998.10.09"]
[Round "10.2"]
[White "Magai, Vladimir"]
[Black "Aleksandrov, Aleksej"]
[Result "0-1"]
[WhiteElo "2535"]
[BlackElo "2595"]
[PlyCount "124"]
[EventDate "1998.09.29"]
[EventType "team-swiss"]
[EventRounds "13"]
[EventCountry "RUS"]
[SourceTitle "CBM 068"]
[Source "ChessBase"]
[SourceDate "1999.02.01"]
[SourceVersion "1"]
[SourceVersionDate "1999.02.01"]
[SourceQuality "1"]
[WhiteTeam "Kyrgyzstan"]
[BlackTeam "Belarus"]
[WhiteTeamCountry "KGZ"]
[BlackTeamCountry "BLR"]

1. d4 Nf6 2. c4 e6 3. Nf3 d5 4. Nc3 Bb4 5. cxd5 exd5 6. Bg5 h6 7. Bh4 c5 8. e3 Nc6 9. Be2 g5 10. Bg3 Ne4 11. 0-0 Bxc3 12. bxc3 c4 13. Ne5 Nxc3 14. Qc2 Nxe2+ 15. Qxe2 Nxe5 16. Bxe5 f6 17. Bg3 Be6 18. f4 f5 19. e4 dxe4 20. d5 Qxd5 21. Rad1 Qc5+ 22. Bf2 Qc6 23. Bd4 Rh7 24. Qh5+ Bf7 25. Qh3 g4 26. Qa3 Bd5 27. Rf2 b6 28. Bf6 Qxf6 29. Rxd5 Re7 30. Qa4+ Kf7 31. Qxc4 Kg6 32. Rfd2 Rae8 33. Rd6 Re6 34. Rxe6 Rxe6 35. Rd4 e3 36. Kf1 e2+ 37. Ke1 Qe7 38. g3 h5 39. a3 h4 40. Qc8 Qf6 41. Qd7 a6 42. a4 b5 43. a5 h3 44. Qd5 b4 45. Qc4 Rc6 46. Qxb4 Rc1+ 47. Kxe2 Qe6+ 48. Kf2 Kh5 49. Rd8 Qa2+ 50. Rd2 Qe6 51. Rd8 Rc2+ 52. Rd2 Qc6 53. Rxc2 Qxc2+ 54. Ke1 Qxh2 55. Qc3 Qh1+ 56. Kd2 Qd5+ 57. Kc1 Kg6 58. Qh8 Qxa5 59. Kb2 Qb6+ 60. Ka3 Qf6 61. Qe8+ Kh6 62. Qe2 Qd6+ 0-1

[Event "Olympiad-33"]
[Site "Elista"]
[Date "1998.10.04"]
[Round "6.1"]
[White "David, Alberto"]
[Black "Magai, Vladimir"]
[Result "1/2-1/2"]
[WhiteElo "2520"]
[BlackElo "2535"]
[PlyCount "80"]
[EventDate "1998.09.29"]
[EventType "team-swiss"]
[EventRounds "13"]
[EventCountry "RUS"]
[SourceTitle "CBM 068"]
[Source "ChessBase"]
[SourceDate "1999.02.01"]
[SourceVersion "1"]
[SourceVersionDate "1999.02.01"]
[SourceQuality "1"]
[WhiteTeam "Luxembourg"]
[BlackTeam "Kyrgyzstan"]
[WhiteTeamCountry "LUX"]
[BlackTeamCountry "KGZ"]

1. e4 e5 2. Nf3 Nc6 3. Bb5 a6 4. Ba4 Nf6 5. 0-0 b5 6. Bb3 Bc5 7. a4 Bb7 8. c3 d6 9. d4 Bb6 10. Bg5 h6 11. Bxf6 Qxf6 12. d5 Ne7 13. axb5 0-0 14. Bc4 axb5 15. Rxa8 Rxa8 16. Bxb5 Qf4 17. Nbd2 f5 18. g3 Qg4 19. Be2 Qg6 20. Nh4 Qf7 21. exf5 Bxd5 22. c4 Bc6 23. Bh5 Qf8 24. Bf3 Bxf3 25. Qxf3 c6 26. Ne4 d5 27. cxd5 cxd5 28. f6 dxe4 29. Qb3+ Qf7 30. Qxb6 Qxf6 31. Qb7 Rf8 32. Qxe4 Rb8 33. Rd1 Nc6 34. Nf5 Nd4 35. Nxd4 exd4 36. Rd2 Qb6 37. h4 Rd8 38. h5 Qb4 39. Re2 Qb5 40. Rd2 d3 1/2-1/2

[Event "Olympiad-32"]
[Site "Yerevan"]
[Date "1996.09.30"]
[Round "13.2"]
[White "Isaev, Jamshed"]
[Black "Magai, Vladimir"]
[Result "0-1"]
[WhiteElo "2450"]
[BlackElo "2500"]
[PlyCount "82"]
[EventDate "1996.09.15"]
[EventType "team-swiss"]
[EventRounds "14"]
[EventCountry "ARM"]
[SourceTitle "CBM 055"]
[Source "ChessBase"]
[SourceDate "1996.12.01"]
[SourceVersion "1"]
[SourceVersionDate "1996.12.01"]
[SourceQuality "1"]
[WhiteTeam "Tajikistan"]
[BlackTeam "Kyrgyzstan"]
[WhiteTeamCountry "TJK"]
[BlackTeamCountry "KGZ"]

1. e4 d5 2. exd5 Nf6 3. c4 e6 4. dxe6 Bxe6 5. Nf3 Qe7 6. Qe2 Nc6 7. d4 0-0-0 8. d5 Qb4+ 9. Nc3 Bf5 10. Be3 Bc5 11. 0-0-0 Rhe8 12. dxc6 Qxc3+ 13. bxc3 Ba3+ 14. Qb2 Bxb2+ 15. Kxb2 Rxd1 16. g3 Kb8 17. Bg2 Rxh1 18. Bxh1 Be4 19. cxb7 Bxb7 20. h3 Nd7 21. c5 Ne5 22. Nxe5 Rxe5 23. Bxb7 Kxb7 24. h4 Kc6 25. Kb3 f6 26. Kc4 Re4+ 27. Bd4 Re2 28. a3 h5 29. Be3 Rb2 30. Bd4 a5 31. a4 Rb1 32. Be3 Ra1 33. Kb3 Kd5 34. c4+ Kc6 35. Bd2 Rd1 36. Be3 Rb1+ 37. Ka3 Rb4 38. Bd2 Rxc4 39. Bxa5 Rc2 40. f3 Rf2 41. Be1 Rf1 0-1